000 00999nam a2200301Ia 4500
001 Z_2339
003 CHAP
008 220113s1993 xx 000 0 und d
010 _a165396
040 _cCHAP
090 _aTesis A 849
100 _aAlmanza Gaviña, Carlos Javier
_94478
245 _aCrecimiento compensatorio en pollos de engorda sometidos a restricción alimenticia o energética durante el crecimiento /
_cCarlos Javier Almanza Gaviña y José Luis Beltrán Gómez
260 _aChapingo, Méx. :
_bEl autor,
_c1993
300 _a59 h.
502 _aTesis (Ing. Agr. Esp. en Zootecnia) -- UACH. Departamento de Zootecnia
650 _aAves de corral
_xAlimentación
_98638
650 _aAves de corral
_xCrecimiento
_98642
650 _aAves de corral
_xEngorda
_98647
650 _aEnergía metabólica
_936906
700 _aBeltrán Gómez, José Luis
_911450
901 _aTESIS A 849
902 _aM
910 _a1993
942 _c2
942 _c2
999 _c165396
_d165396